Online
Catalog

Bases para una política socio-laboral en la República Dominicana / (Record no. 20496)

MARC details
000 -CABECERA
campo de control de longitud fija 00754nam a2200217 a 4500
001 - NÚMERO DE CONTROL
campo de control 000020993
005 - FECHA Y HORA DE LA ÚLTIMA TRANSACCIÓN
campo de control 20200930011216.0
008 - DATOS DE LONGITUD FIJA--INFORMACIÓN GENERAL
campo de control de longitud fija 100825s1978 dr 000 0 spa d
040 ## - FUENTE DE LA CATALOGACIÓN
Centro catalogador/agencia de origen DO-SdBNP
Lengua de catalogación spa
Centro/agencia transcriptor BNPHU
082 ## - NÚMERO DE LA CLASIFICACIÓN DECIMAL DEWEY
Número de clasificación M722b, 1978
049 ## - FONDOS LOCALES (OCLC)
Fondos de biblioteca BNPD
100 1# - ENTRADA PRINCIPAL--NOMBRE DE PERSONA
Nombre de persona Molina, Henry
9 (RLIN) 7271
245 10 - MENCIÓN DE TÍTULO
Título Bases para una política socio-laboral en la República Dominicana /
Mención de responsabilidad, etc. Henry Molina ; prólogo José Gómez Cerda.
250 ## - MENCIÓN DE EDICIÓN
Mención de edición 2a ed.
260 ## - PUBLICACIÓN, DISTRIBUCIÓN, ETC.
Lugar de publicación, distribución, etc. Santo Domingo :
Nombre del editor, distribuidor, etc. Visión,
Fecha de publicación, distribución, etc. 1978.
300 ## - DESCRIPCIÓN FÍSICA
Extensión 168 , 17, [6] p. :
Otras características físicas 18 cm.
500 ## - NOTA GENERAL
Nota general Incluye datos biográficos del autor en la página 167
650 #4 - PUNTO DE ACCESO ADICIONAL DE MATERIA--TÉRMINO DE MATERIA
Término de materia o nombre geográfico como elemento de entrada Trabajadores
Subdivisión geográfica República Dominicana
9 (RLIN) 2452
700 12 - PUNTO DE ACCESO ADICIONAL--NOMBRE DE PERSONA
Nombre de persona Gómez Cerda, José
Término indicativo de función/relación pról.
9 (RLIN) 8583
910 ## - DATOS DE OPCIÓN DEL USUARIO (OCLC)
Datos de opción del usuario Validado. Control de calidad MFF
Holdings
Estado de retiro Estado de pérdida Restricciones de uso No para préstamo Localización permanente Ubicación/localización actual Ubicación en estantería Fecha de adquisición Número de inventario Total de préstamos Signatura topográfica completa Código de barras Fecha visto por última vez Número de copia Precio válido a partir de Tipo de ítem Koha
      Excluido de préstamo Patrimonio Dominicano Patrimonio Dominicano Depósito 26.08.2010 LF1   M722b, 1978 20993-10 25.06.2020 e. 2 25.06.2020 No se presta
      Excluido de préstamo Patrimonio Dominicano Patrimonio Dominicano Depósito 26.08.2010 LF1   M722b, 1978 20993-20 25.06.2020   25.06.2020 No se presta

Powered by Koha